|
|
|
|
| LEADER |
01671cas a2200241 a 4500 |
| 001 |
AALejournalIMF005129 |
| 008 |
230101c9999 xx r poo 0 0eng d |
| 020 |
|
|
|c 5.00 USD
|
| 020 |
|
|
|z 9781451829594
|
| 022 |
|
|
|a 1934-7685
|
| 040 |
|
|
|a BD-DhAAL
|c BD-DhAAL
|
| 110 |
2 |
|
|a International Monetary Fund.
|
| 245 |
1 |
0 |
|a Kingdom of the Netherlands :
|b Netherlands; Selected Issues.
|
| 264 |
|
1 |
|a Washington, D.C. :
|b International Monetary Fund,
|c 2008.
|
| 300 |
|
|
|a 1 online resource (61 pages)
|
| 490 |
1 |
|
|a IMF Staff Country Reports
|
| 500 |
|
|
|a <strong>Off-Campus Access:</strong> No User ID or Password Required
|
| 500 |
|
|
|a <strong>On-Campus Access:</strong> No User ID or Password Required
|
| 506 |
|
|
|a Electronic access restricted to authorized BRAC University faculty, staff and students
|
| 520 |
3 |
|
|a Overall competitiveness of the Dutch economy seems adequate, but domestically produced exports have lost market share recently. Over the past three decades, globalization has greatly influenced economies as countries have become more integrated. Empirical studies on business cycles synchronization and transmission of shocks among countries have provided conflicting results. In its descriptive part, this study concludes that Dutch export competitiveness is not a problem so far. This also finds that the Netherlands is relatively more exposed to supply-driven shocks while Germany is more exposed to demand-driven shocks.
|
| 538 |
|
|
|a Mode of access: Internet
|
| 830 |
|
0 |
|a IMF Staff Country Reports; Country Report ;
|v No. 2008/172
|
| 856 |
4 |
0 |
|z Full text available on IMF
|u http://elibrary.imf.org/view/journals/002/2008/172/002.2008.issue-172-en.xml
|z IMF e-Library
|